000 00530nam a2200229 a 4500
001 nice12345678
003 IN_TiNIC
005 20260116011844.0
008 050524s1937 lona grp 000 0 eng
020 _a
_c100
082 0 0 _a201
_bABD
100 _aAbdy, D C
245 _aShort Life of Frank Weston-Bishop of Zanzibar
260 _aLondon
_bSpck
_c1937
300 _a62p
500 _aincludes index and biblioraphy
505 2 _aIndex
700 1 _aAbdy, D C
902 _bSRS
942 _cBK
999 _c4475
_d4475